El mundo vegetal

Gespeichert in:
Bibliographische Detailangaben
1. Verfasser: Avila, María Gómez, Mercedes
Format: keine Angabe
Sprache:Spanisch
Erschienen: Madrid Bruño 1990
Katalog:MANES:  Suchergebnis im Bibliothekskatalog
Schulbuchspezifische Eigenschaften:
Schriftenreihe:Naturaleza Abierta; 6
Tags: Tag hinzufügen
Keine Tags, Fügen Sie den ersten Tag hinzu!
Hinzugefügt zu:26.04.2016
Geändert in:15.12.2025

MARC

LEADER 000000000a22000000004500
001 05105
003 OSt
005 20251215163429.0
008 160427s sp ||||| |||| 00| 0 spa d
040 |c centro_manes 
041 1 |a spa 
691 7 |a PRI 
100 1 |a Avila, María  |9 1332  |a Gómez, Mercedes  |9 1333 
245 0 0 |a El mundo vegetal 
260 3 |a Madrid  |b Bruño  |c 1990 
300 |a 63 p.  |c 27x19 cm 
440 |a Naturaleza Abierta; 6  |9 1334 
500 |a Fecha de publicación tomada del Depósito Legal 
690 0 |a CN 
942 |2 ddc  |c BK 
546 |a España 
999 |c 11079  |d 11079 
999 |c manes:11079  |d 11079